Central Library OPAC University of Rajshahi

Governor Ramage R. N. / (Record no. 18631)

MARC details
000 -LEADER
fixed length control field 00780nam a22002652 4500
001 - CONTROL NUMBER
control field 18631
003 - CONTROL NUMBER IDENTIFIER
rucl marc code BD-RjUL
005 - DATE AND TIME OF LATEST TRANSACTION
control field 20211209000319.0
008 - FIXED-LENGTH DATA ELEMENTS--GENERAL INFORMATION
fixed length control field 140222s1973 enka 000 1 eng
020 ## - INTERNATIONAL STANDARD BOOK NUMBER
International Standard Book Number 0436377306
035 ## - SYSTEM CONTROL NUMBER
System control number (BD-RjUL)18689
040 ## - CATALOGING SOURCE
Original cataloging agency DLC
Transcribing agency DLC
Modifying agency BD-RjUL
Language of cataloging eng
041 ## - LANGUAGE CODE
Language code of text/sound track or separate title eng
082 00 - DEWEY DECIMAL CLASSIFICATION NUMBER
Classification number 823.914
Author mark and year POG 1973
100 1# - MAIN ENTRY--PERSONAL NAME
Personal name Pope, Dudley.
9 (RLIN) 57382
245 10 - TITLE STATEMENT
Title Governor Ramage R. N. /
Statement of responsibility, etc. Dudley Pope.
260 ## - PUBLICATION, DISTRIBUTION, ETC. (IMPRINT)
Place of publication, distribution, etc. London :
Name of publisher, distributor, etc. Secker & Warburg,
Date of publication, distribution, etc. 1973.
300 ## - PHYSICAL DESCRIPTION
Pagination 340 p. :
Illustrations illus. ;
Size 23 cm.
490 0# - SERIES STATEMENT
Series statement Alison Press book
650 #0 - SUBJECT ADDED ENTRY--TOPICAL TERM
Topical term or geographic name as entry element Napoleonic Wars, 1800-1815
Form subdivision Fiction.
9 (RLIN) 57383
651 #0 - SUBJECT ADDED ENTRY--GEOGRAPHIC NAME
Geographic name Great Britain
General subdivision History, Naval
Chronological subdivision 19th century
Form subdivision Fiction.
9 (RLIN) 57384
942 ## - ADDED ENTRY ELEMENTS (KOHA)
Source of classification or shelving scheme Dewey Decimal Classification
Koha item type Books
Holdings
Lost status Source of classification or shelving scheme Damaged status Not for loan Collection code Permanent Location Current Location Shelving location Date acquired Coded location qualifier Total Checkouts Full call number Date last seen Copy number Koha item type
  Dewey Decimal Classification   Not For Loan Fiction Central Library, University of Rajshahi Central Library, University of Rajshahi Reading Room 08/05/1974 Oxford Uni   823.914 POG 1973 22/02/2014 C-1 Books